Recuerdos y batallas / (Record no. 130261)

MARC details
000 -LEADER
campo de control de longitud fija 00673nam a2200229 i 4500
001 - NÚMERO DE CONTROL
campo de control 130261
003 - IDENTIFICADOR DE NÚMERO DE CONTROL
campo de control ES-MaACL
005 - FECHA Y HORA DE LA ÚLTIMA TRANSACCIÓN
campo de control 20230906193703.0
007 - CAMPO FIJO DE DESCRIPCIÓN FÍSICA--INFORMACIÓN GENERAL
campo de control de longitud fija t|
008 - DATOS DE LONGITUD FIJA--INFORMACIÓN GENERAL
campo de control de longitud fija 070724s1955 it ||||1| ita d
080 ## - NÚMERO DE LA CLASIFICACIÓN DECIMAL UNIVERSAL
Número de la Clasificación Decimal Universal 92 Zacconi, E.
080 ## - NÚMERO DE LA CLASIFICACIÓN DECIMAL UNIVERSAL
Número de la Clasificación Decimal Universal 792 (04)
100 1# - ENTRADA PRINCIPAL--NOMBRE DE PERSONA
Nombre de persona Zacconi, Ermete.
9 (RLIN) 117816
245 10 - MENCIÓN DEL TÍTULO
Título Recuerdos y batallas /
Mención de responsabilidad, etc. Ermete Zacconi ; traducción del italiano de Mario Calés.
260 ## - PUBLICACIÓN, DISTRIBUCIÓN, ETC.
Lugar de publicación, distribución, etc. Buenos Aires :
Nombre del editor, distribuidor, etc. Hachette,
Fecha de publicación, distribución, etc. [1955]
300 ## - DESCRIPCIÓN FÍSICA
Extensión 178 p. :
Otras características físicas il. ;
Dimensiones 18 cm.
490 1# - MENCIÓN DE SERIE
Mención de serie El mirador ;
Designación de volumen o secuencia 30
700 1# - ENTRADA AGREGADA--NOMBRE PERSONAL
Nombre de persona Calés, Mario.
9 (RLIN) 33664
830 0# - PUNTO DE ACCESO ADICIONAL DE SERIE-TÍTULO UNIFORME
Título uniforme El mirador ;
Designación de volumen o secuencia 30
9 (RLIN) 191703
852 ## - LOCALIZACIÓN
Ubicación ES-MaACL
Número de control de estantería L-12692
Sublocalización o colección R.112985
Holdings
Estatus retirado Estado de pérdida Estado de daño No para préstamo Biblioteca de origen Biblioteca actual Ubicación en estantería Fecha de adquisición Fuente de adquisición Total de préstamos Signatura topográfica completa Código de barras Visto por última vez Precio de reemplazo Tipo de ítem Koha
        Biblioteca del Ateneo de Madrid Biblioteca del Ateneo de Madrid Depósito 2 17/01/2008     L-12692 1135632 23/02/2023 23/02/2023 Libro impreso